000 00762nam a2200205 4500
008 b xx# ara u
010 _a53797/800
040 _aLB-BrCRDP
082 _a920.12/K86h
100 1 _a. خليفة، عصام
130 1 _lAR
245 1 0 _a. الحدود اللبنانية - السورية
_bمحاولات التحديد والترسيم 1920 - 2000
_cعصام خليفة
260 _aبيروت
_c2006
300 _a2 ج.:
_bصور ؛
_c.ج 1- 24 سم. ج 2 -32 سم
500 _a* ج 1: صور ووثائق في آخر الكتاب * ج 2: خرائط
650 _aلبنان
_xالحدود السياسية
650 _aالجغرافيا السياسية
942 _cBK
999 _c15591
_d15591